Pays les plus proches du Niger - Statistiques

Statistiques générales
  • Ce quiz a été pris 94 fois
  • Le résultat moyen est 17 sur 20
Statistiques - réponses
km pays % Correct
0 Nigeria
99%
0 Tchad
95%
0 Algérie
94%
191 Togo
94%
0 Mali
93%
837 Soudan
92%
0 Bénin
89%
0 Burkina Faso
89%
86 Cameroun
89%
0 Libye
86%
787 Tunisie
86%
612 Mauritanie
81%
265 Ghana
80%
701 République Centrafricaine
80%
618 Côte d'Ivoire
78%
1001 Guinée
78%
952 Égypte
76%
1185 Gabon
73%
1007 Guinée équatoriale
57%
1146 Rép dém Congo
53%
Aucun quiz correspondant
Distribution des résultats
% des personnes avec chaque résultat
Percentile par nombre de réponses
Votre historique - résultats
Vous n’avez pas pris ce quiz